Management Information System. (Record no. 1079619)

MARC details
000 -LEADER
fixed length control field 00353nam a2200133Ia 4500
008 - FIXED-LENGTH DATA ELEMENTS--GENERAL INFORMATION
fixed length control field 231228s1992 xx 000 0 und d
041 ## - LANGUAGE CODE
Language code of text/sound track or separate title eng
082 ## - DEWEY DECIMAL CLASSIFICATION NUMBER
Classification number 658.4`038
Item number KAN
100 ## - MAIN ENTRY--PERSONAL NAME
Personal name KANTER (Jerome)
245 ## - TITLE STATEMENT
Title Management Information System.
250 ## - EDITION STATEMENT
Edition statement 3rd
260 ## - PUBLICATION, DISTRIBUTION, ETC.
Place of publication, distribution, etc. New Delhi
Name of publisher, distributor, etc. Prentice Hall of India New Delhi
Date of publication, distribution, etc. 1992
300 ## - PHYSICAL DESCRIPTION
Extent XIII,448

No items available.